Najlepšie svetové čítanie Trinásť hodín; Náhodná cestovateľka v čase; Niet úniku; Z kolísky do hrobu /

Na minha lista:
Detalhes bibliográficos
Main Authors: MEYER, Deon (Author), GRIFFITHSOVÁ, Sharon (Author), BOX, C. J. (Author), MaCDONALDOVÁ, Patricia (Author)
Formato: Livro
Idioma:eslovaco
Publicado em: Bratislava; Reader´s Digest Výber Slovensko 2012
Edição:1. vydanie
Tags: Adicionar Tag
Sem tags, seja o primeiro a adicionar uma tag!

MARC

LEADER 00000nam a22000003a 4500
001 0103061
003 SK-STU
005 20230630094558.9
007 ta
008 230630s ----xo-----e------000-0-----d
020 |a 978-80-8097-147-2 
040 |a STU  |b slo 
041 0 |a slo 
044 |a xo 
100 1 |a MEYER, Deon  |4 aut 
245 1 0 |a Najlepšie svetové čítanie  |b Trinásť hodín; Náhodná cestovateľka v čase; Niet úniku; Z kolísky do hrobu /  |c aut. Deon MEYER, Sharon GRIFFITHSOVÁ, C. J BOX, Patricia MaCDONALDOVÁ 
250 |a 1. vydanie 
260 |a Bratislava;  |b Reader´s Digest Výber Slovensko  |c 2012 
300 |a 576 strán 
700 1 |a GRIFFITHSOVÁ, Sharon  |4 aut 
700 1 |a BOX, C. J.  |4 aut 
700 1 |a MaCDONALDOVÁ, Patricia  |4 aut 
996 |c I* 4SOA13987  |l I  |s A  |a 24  |w 0103061_0001